Namenszusätze deutscher Städte #1 - Statistiken

Allgemein
  • Dieses Quiz wurde 79 mal gespielt
  • Das Durchschnittsergebnis liegt bei 10 aus 15
Antwortstatistiken
Hint Antwort % Korrekt
Halle (Saale)
99%
Frankfurt am Main
97%
Mülheim an der Ruhr
93%
Haltern am See
80%
Heidenheim an der Brenz
70%
Landau in der Pfalz
68%
Neumarkt in der Oberpfalz
65%
Leer (Ostfriesland)
65%
Nienburg (Weser)
64%
Singen (Hohentwiel)
61%
Lahr /Schwarzwald
53%
Blankenburg (Harz)
51%
Auerbach /Vogtland
51%
Mühldorf am Inn
47%
Mühlhausen /Thüringen
47%
Keine übereinstimmenden Quizze gefunden
Verteilung der Resultate
Anzahl Personen mit jedem Resultat
Perzentil nach korrekt beantworteten Fragen
Ihre Resultats-Entwicklung
Sie haben dieses Quiz noch nicht gespielt